Statistics for Happy Hunger Games!

Click here to take the quiz!

General Stats

  • This quiz has been taken 1,364 times
    (1,358 since last reset)
  • The average score is 14 of 15

Answer Stats

HintAnswer% Correct
Main Characterkatniss
100%
Male tribute for District 12?peeta
98%
What weapon is Katniss skilled with?bow and arrow
97%
Who did Katniss volunteer for?little sister Prim
97%
Peeta and Katniss "bond" and hide in a ______ during the games?cave
96%
The drunken mentor is?haymitch
96%
Where did Katniss hide out and sleep in durning the games?tree
96%
District 12 is known for?mining
95%
What kills Foxface?nightlock
90%
What color was Katniss backpack?orange
89%
Who killed Thresh?cato
84%
At the end Peeta finds out Katniss does not?love him
84%
The picking of the tributes?reaping
84%
Who killed Clove?thresh
83%
Who killed Rue?marvel
73%

Score Distribution

Percentile by Number Answered

Percent of People with Each Score

Your Score History

You have not taken this quiz since the last reset